书目信息 |
| 题名: |
做合格的共产党员
|
|
| 作者: | ;中共中央书记处研究室政治组 编 | |
| 分册: | 第七集 | |
| 出版信息: | 北京 中共中央党校出版社 1984.07 |
|
| 页数: | 243页 | |
| 开本: | 19cm | |
| 丛书名: | ||
| 单 册: | ||
| 中图分类: | D263.1 | |
| 科图分类: | ||
| 主题词: | 中国共产党--党员--标准 | |
| 电子资源: | ||
| ISBN: | ||
| 000 | 00664nam0 2200205 45 | |
| 001 | 0301100994 | |
| 005 | 20050630082151.7 | |
| 010 | @dCNY1.20 | |
| 091 | @a3230.253 | |
| 100 | @a20030110d1984 km y0chiy0120 ea | |
| 101 | 0 | @achi |
| 105 | @a z 000yy | |
| 200 | 1 | @a做合格的共产党员@AZuo He Ge De Gong Chan Dang Yuan@h第七集@f中共中央书记处研究室政治组编@FZhong Gong Zhong Yang Shu Ji Chu Yan Jiu Shi Zheng Zhi Zu Bian |
| 210 | @a北京@c中共中央党校出版社@d1984.07 | |
| 215 | @a243页@d19cm | |
| 606 | 0 | @a中国共产党@x党员@x标准 |
| 690 | @aD263.1@v3 | |
| 711 | 02 | @a中共中央书记处研究室政治组@4编 |
| 801 | @aCN@bTSTC@c20030110 | |
| 905 | @dD263.1@e24:7@f1@b164005 | |
| 做合格的共产党员.第七集/中共中央书记处研究室政治组编.-北京:中共中央党校出版社,1984.07 |
| 243页;19cm |
| ISBN :CNY1.20 |
| ● |
| 相关链接 |
|
|
|
|
正题名:做合格的共产党员
索取号:D263.1/24:7
 
预约/预借
| 序号 | 登录号 | 条形码 | 馆藏地/架位号 | 状态 | 备注 |
| 1 | 0164001 | 000380395 | 密集书库/ [索取号:D263.1/24:7] | 在馆 | |
| 2 | 0164002 | 001742779 | 密集书库/ [索取号:D263.1/24:7] | 在馆 | |
| 3 | 0164003 | 001742564 | 密集书库/ [索取号:D263.1/24:7] | 在馆 | |
| 4 | 0164004 | 001742617 | 密集书库/ [索取号:D263.1/24:7] | 在馆 | |
| 5 | 0164005 | 000380402 | 第一样本阅览室/ [索取号:D263.1/24:7] | 在馆 |